Library Banner

The rise of science in Islam and the West : (Record no. 121185)

MARC details
000 -LEADER
fixed length control field 00725cam a2200217 i 4500
001 - CONTROL NUMBER
control field 19700792
005 - DATE AND TIME OF LATEST TRANSACTION
control field 20210127173314.0
008 - FIXED-LENGTH DATA ELEMENTS--GENERAL INFORMATION
fixed length control field 170612s2018 enk 001 0 eng
020 ## - INTERNATIONAL STANDARD BOOK NUMBER
International Standard Book Number 9781472447333 (hardback : alk. paper)
040 ## - CATALOGING SOURCE
Transcribing agency PK-LaUMT
082 00 - DEWEY DECIMAL CLASSIFICATION NUMBER
Classification number 509.02
Edition number 23
Item number LIV-R
100 1# - MAIN ENTRY--PERSONAL NAME
Personal name Livingston, John W.
245 14 - TITLE STATEMENT
Title The rise of science in Islam and the West :
Remainder of title from shared heritage to parting of the ways, 8th to 19th centuries /
Statement of responsibility, etc by John W. Livingston
260 ## - PUBLICATION, DISTRIBUTION, ETC. (IMPRINT)
Place of publication, distribution, etc London :
Name of publisher, distributor, etc Routledge,
Date of publication, distribution, etc 2018
300 ## - PHYSICAL DESCRIPTION
Extent xxi, 489 p. ;
Dimensions 24 cm
500 ## - GENERAL NOTE
General note Includes index.
650 #0 - SUBJECT ADDED ENTRY--TOPICAL TERM
Topical term or geographic name as entry element Science, Medieval.
650 #0 - SUBJECT ADDED ENTRY--TOPICAL TERM
Topical term or geographic name as entry element Science
Geographic subdivision Islamic countries
General subdivision History.
650 #0 - SUBJECT ADDED ENTRY--TOPICAL TERM
Topical term or geographic name as entry element Islam and science
General subdivision History.
942 ## - ADDED ENTRY ELEMENTS (KOHA)
Koha item type Books
Holdings
Withdrawn status Lost status Damaged status Home library Current library Date acquired Full call number Barcode Date last seen Price effective from Koha item type
      UMT Main Campus UMT Main Campus 2021-01-28 509.02 LIV-R 135786 2021-01-28 2021-01-28 Books